Представление документа в формате MARC21

ПолеНазваниеЗначение
  Тип записи a
  Библиографический уровень m
001 Контрольный номер RU\infra-m\znanium\bibl\2187083
005 Дата корректировки 20260429142311.4
008 Кодируемые данные 260427s2026 RU g rus u
020 Индекс ISBN __
a ISBN 978-5-16-005474-2
020 Индекс ISBN __
a ISBN 978-5-16-101572-8 (электр. издание)
040 Источник каталогиз. __
a Служба первич. каталог. Общество с ограниченной ответственностью «ЗНАНИУМ»
041 Код языка издания __
a Код языка текста rus
044 Код страны публикации __
a Код страны публикации RU
080 Индекс УДК __
a Индекс УДК 744(075.32)
084 Индекс другой классификации/Индекс ББК __
2 Источник индекса rubbk
a Индекс другой классификации/Индекс ББК 30.11я723
084 Индекс другой классификации/Индекс ББК __
2 Источник индекса okso
a Индекс другой классификации/Индекс ББК 15.02.03
084 Индекс другой классификации/Индекс ББК __
2 Источник индекса okso
a Индекс другой классификации/Индекс ББК 15.02.04
084 Индекс другой классификации/Индекс ББК __
2 Источник индекса okso
a Индекс другой классификации/Индекс ББК 15.02.06
084 Индекс другой классификации/Индекс ББК __
2 Источник индекса okso
a Индекс другой классификации/Индекс ББК 15.02.09
084 Индекс другой классификации/Индекс ББК __
2 Источник индекса okso
a Индекс другой классификации/Индекс ББК 15.02.16
084 Индекс другой классификации/Индекс ББК __
2 Источник индекса okso
a Индекс другой классификации/Индекс ББК 15.02.17
084 Индекс другой классификации/Индекс ББК __
2 Источник индекса okso
a Индекс другой классификации/Индекс ББК 15.02.18
084 Индекс другой классификации/Индекс ББК __
2 Источник индекса okso
a Индекс другой классификации/Индекс ББК 15.02.19
100 Автор __
a Автор Вышнепольский И.С.
q Полное имя Вышнепольский Игорь Самуилович
245 Заглавие __
a Заглавие Черчение
b Продолж. заглавия Учебник
250 Сведения об издании __
g испр.
a Основные сведения об издании 3
260 Выходные данные __
a Место издания Москва
b Издательство ООО "Научно-издательский центр ИНФРА-М"
c Дата издания 2026
300 Физическое описание __
a Объем 400 с.
440 Серия __
a Серия Среднее профессиональное образование
520 Аннотация __
a Аннотация В учебнике изложены основы технического черчения. Подробно рассмотрены вопросы построения и чтения машиностроительных чертежей и схем. Помимо теоретического материала данный учебник содержит разнообразные по форме и содержанию задания и ответы для проверки решений. Предназначен для студентов учебных заведений среднего профессионального образования а также может быть использован студентами вузов и учащимися учебных заведений профессионального обучения.
521 Примеч. о цел. назн. __
a Примеч. о целев. назн. Среднее профессиональное образование
650 Тематические рубрики __
a Основная рубрика Общетехнические дисциплины
x Основная подрубрика Инженерная графика. Техническое рисование
655 Указ. предметных рубрик (устаревшее) __
a Жанр/ форма (устаревшее) Учебник
700 Другие авторы __
a Другие авторы Вышнепольский В.И.
q Полное имя Вышнепольский Владимир Игоревич
u Дополнение МИРЭА - Российский технологический университет
856 Электронный адрес документа 4_
a Имя сервера/домена znanium.ru
m Помощь ebs_support@infra-m.ru
n Местонахождение сервера НИЦ ИНФРА-М
u URL https://znanium.ru/catalog/document?id=476454
856 Электронный адрес документа 48
a Имя сервера/домена znanium.ru
d Путь /cover/2187
f Электронное имя 2187083.jpg
q Тип электронного формата image/jpeg
u URL https://znanium.ru/cover/2187/2187083.jpg
911 __
u 0030=https://znanium.ru/catalog/document?id=476454